书目信息 |
| 题名: |
建筑工程施工项目管理
|
|
| 作者: | 项建国 主编 | |
| 分册: | ||
| 出版信息: | 北京 中国建筑工业出版社 2005.08 |
|
| 页数: | 204页 | |
| 开本: | 26cm | |
| 丛书名: | ||
| 单 册: | ||
| 中图分类: | TU71 | |
| 科图分类: | ||
| 主题词: | 建筑工程--jian zhu gong cheng--工程施工--项目管理--高等教育--教材 | |
| 电子资源: | ||
| ISBN: | 7-112-07170-4 | |
| 000 | 01075nam0 2200253 450 | |
| 001 | 012007196032 | |
| 005 | 20071226165743.84 | |
| 010 | @a7-112-07170-4@dCNY19.00 | |
| 100 | @a20071226d2005 km y0chiy0120 ea | |
| 101 | 0 | @achi |
| 102 | @aCN@b110000 | |
| 105 | @aa a 000yy | |
| 106 | @ar | |
| 200 | 1 | @a建筑工程施工项目管理@Ajian zhu gong cheng shi gong xiang mu guan li@f本教材编审委员会组织编写@Fben jiao cai bian shen wei yuan hui zu zhi bian xie@g项建国主编@Gxiang jian guo zhu bian |
| 210 | @a北京@c中国建筑工业出版社@d2005.08 | |
| 215 | @a204页@c图@d26cm | |
| 300 | @a全国高等职业教育技能型紧缺人才培养培训推荐教材建筑工程技术专业 | |
| 320 | @a有书目 (第204页) | |
| 330 | @a本书共分九个单元,内容包括:建筑施工项目管理概念、建筑施工项目生产要素管理、施工项目安全生产管理;施工项目质量控制;施工项目进度控制、施工成本控制;施工项目信息管理等。 | |
| 606 | 0 | @a建筑工程@Ajian zhu gong cheng@x工程施工@x项目管理@x高等教育@j教材 |
| 690 | @aTU71@v4 | |
| 701 | 0 | @a项建国@Axiang jian guo@4主编 |
| 801 | 0 | @aCN@bQSSK@c20071226 |
| 905 | @b271437-38@dTU71@eX284@f2 | |
| 建筑工程施工项目管理/本教材编审委员会组织编写/项建国主编.-北京:中国建筑工业出版社,2005.08 |
| 204页:图;26cm |
| 全国高等职业教育技能型紧缺人才培养培训推荐教材建筑工程技术专业 |
| ISBN 7-112-07170-4:CNY19.00 |
| 本书共分九个单元,内容包括:建筑施工项目管理概念、建筑施工项目生产要素管理、施工项目安全生产管理;施工项目质量控制;施工项目进度控制、施工成本控制;施工项目信息管理等。 |
| ● |
| 相关链接 |
|
|
|
正题名:建筑工程施工项目管理
索取号:TU71/X284
 
预约/预借
| 序号 | 登录号 | 条形码 | 馆藏地/架位号 | 状态 | 备注 |
| 1 | 271437 | 202714376 | 建筑库201/201建筑库 16排3列4层/ [索取号:TU71/X284] | 在馆 | |
| 2 | 271438 | 202714385 | 建筑库201/201建筑库 16排3列4层/ [索取号:TU71/X284] | 在馆 |